Sanskrit natya sahitya (Record no. 8797)

MARC details
000 -LEADER
fixed length control field 00480cam a2200193ua 4500
001 - CONTROL NUMBER
control field 9795
005 - DATE AND TIME OF LATEST TRANSACTION
control field 20260515114525.0
008 - FIXED-LENGTH DATA ELEMENTS--GENERAL INFORMATION
fixed length control field 160902n ii |||gr||||Z||||||asm
040 ## - CATALOGING SOURCE
Transcribing agency MAIN
041 ## - LANGUAGE CODE
Language code of text/sound track or separate title asm
082 ## - DEWEY DECIMAL CLASSIFICATION NUMBER
Classification number 891.22
100 ## - MAIN ENTRY--PERSONAL NAME
Personal name Bhagawati, Kamakhyacharan,
Relator term Author.
245 ## - TITLE STATEMENT
Title Sanskrit natya sahitya
Statement of responsibility, etc. By Kamakhyacharan Bhagawati
250 ## - EDITION STATEMENT
Edition statement 1st ed.
260 ## - PUBLICATION, DISTRIBUTION, ETC.
Place of publication, distribution, etc. Guwahati:
Name of publisher, distributor, etc. New book stall,
Date of publication, distribution, etc. 1971.
300 ## - PHYSICAL DESCRIPTION
Extent 180p.
653 ## - INDEX TERM--UNCONTROLLED
Uncontrolled term Sanskrit drama
942 ## - ADDED ENTRY ELEMENTS (KOHA)
Koha item type Books
Holdings
Withdrawn status Lost status Damaged status Not for loan Home library Current library Shelving location Date acquired Total checkouts Full call number Barcode Date last seen Copy number Price effective from Koha item type
        Naharkatiya College Library Naharkatiya College Library General stacks 09/19/2020   891.22Assamese drama | BHA 15158 09/19/2020 1 09/19/2020 Books